[Event "4NCL/Div2/BR2-SWD"]
[Site "Rd8-Birmingham"]
[Date "2000.03.26"]
[Round "8.8"]
[White "Cast, Abigail"]
[Black "Richards, John"]
[Result "1-0"]
[WhiteElo "2133"]
[BlackElo "2045"]
[PlyCount "89"]
[EventDate "2000.03.26"]

1. d4 Nf6 2. Nf3 g6 3. Bg5 Bg7 4. Nbd2 d5 5. e3 O-O 6. Bd3 b6 7. Qe2 Bb7 8. O-O
Ne4 9. Bh4 Nd7 10. c4 c5 11. cxd5 Nxd2 12. Nxd2 Bxd5 13. e4 Bb7 14. e5 cxd4 15.
f4 Nc5 16. Bc4 Bd5 17. b4 Bxc4 18. Qxc4 Ne6 19. Ne4 Rc8 20. Qb3 Qc7 21. Rad1
Nxf4 22. Rxf4 Bxe5 23. Rf3 Bxh2+ 24. Kh1 Be5 25. Rdf1 Qc4 26. Bxe7 Qxb3 27.
axb3 Rfe8 28. Rxf7 Rc7 29. Rf8+ Rxf8 30. Bxf8 Rf7 31. Rxf7 Kxf7 32. Bh6 d3 33.
Nf2 Bc3 34. Nxd3 b5 35. Be3 a5 36. bxa5 Bxa5 37. Ne5+ Ke6 38. Nc6 Bc3 39. Nd4+
Bxd4 40. Bxd4 Kd5 41. Bg7 Ke4 42. Kh2 h5 43. b4 Kf4 44. Kh3 Kg5 45. g3 1-0

[Event "4NCL/Div2/GUI2-WES"]
[Site "Rd8-Birmingham"]
[Date "2000.03.26"]
[Round "8.1"]
[White "Thompson, Ian"]
[Black "Rossiter, Philip"]
[Result "0-1"]
[WhiteElo "2249"]
[BlackElo "2369"]
[PlyCount "80"]
[EventDate "2000.03.26"]

1. c4 f5 2. g3 Nf6 3. Bg2 g6 4. Nf3 Bg7 5. O-O O-O 6. Nc3 d6 7. d4 Qe8 8. d5
Na6 9. Nd4 Bd7 10. e4 fxe4 11. Nxe4 Nxe4 12. Bxe4 c6 13. Bg2 Nc7 14. Be3 c5 15.
Ne2 b5 16. cxb5 Bxb5 17. Qd2 a5 18. Rfe1 Bd7 19. Nc3 Rb8 20. Bg5 Rf7 21. Ne4
Qf8 22. Nc3 a4 23. Be3 a3 24. bxa3 Nb5 25. Nxb5 Bxa1 26. Rxa1 Rxb5 27. Bf1 Qg7
28. Rc1 Rb2 29. Qa5 Rf8 30. Bc4 Bh3 31. Qe1 Qf7 32. f4 Rfb8 33. Bd2 Qf5 34. Qe3
Rb1 35. Bb3 Rxc1+ 36. Bxc1 Rc8 37. Bc4 Qc2 38. Be2 Rb8 39. g4 Kf8 40. f5 Rb1
0-1

[Event "4NCL/Div2/GUI2-WES"]
[Site "Rd8-Birmingham"]
[Date "2000.03.26"]
[Round "8.2"]
[White "Corkett, Anthony"]
[Black "James, Russell"]
[Result "0-1"]
[WhiteElo "2295"]
[BlackElo "2204"]
[PlyCount "74"]
[EventDate "2000.03.26"]

1. Nf3 Nc6 2. c4 e5 3. Nc3 Nf6 4. d3 Bb4 5. Bd2 O-O 6. g3 Bxc3 7. Bxc3 e4 8.
Nh4 d6 9. d4 d5 10. e3 Be6 11. b3 a5 12. Ng2 Bh3 13. Nf4 Bxf1 14. Kxf1 Qd7 15.
Kg2 Ne7 16. h3 c6 17. Qd2 g5 18. Ne2 Qf5 19. Ng1 a4 20. Qd1 Ng6 21. Rb1 axb3
22. Qxb3 dxc4 23. Qxc4 b5 24. Qe2 Nd5 25. Be1 Ra4 26. Rc1 Rfa8 27. Rc2 Qe6 28.
h4 gxh4 29. Nh3 Rxa2 30. Ng5 Rxc2 31. Qxc2 Nxe3+ 32. fxe3 Ra2 33. Nxe6 Rxc2+
34. Kf1 fxe6 35. gxh4 Ne7 36. Rg1+ Kf7 37. Rg4 Nd5 0-1

[Event "4NCL/Div2/GUI2-WES"]
[Site "Rd8-Birmingham"]
[Date "2000.03.26"]
[Round "8.3"]
[White "Richardson, Keith"]
[Black "Yeo, Michael"]
[Result "1-0"]
[WhiteElo "2216"]
[BlackElo "2198"]
[PlyCount "117"]
[EventDate "2000.03.26"]

1. c4 Nc6 2. Nc3 e5 3. Nf3 f5 4. e4 d6 5. d4 fxe4 6. Nxe4 exd4 7. Be2 Nf6 8.
Nxf6+ Qxf6 9. Bg5 Qf7 10. Nxd4 Nxd4 11. Qxd4 Be7 12. Bxe7 Qxe7 13. O-O O-O 14.
Rfe1 Qf6 15. Rad1 Be6 16. Bf3 Bf7 17. Qxf6 gxf6 18. b3 Rae8 19. Bxb7 Rxe1+ 20.
Rxe1 Re8 21. Rxe8+ Bxe8 22. Be4 h6 23. f4 Kf7 24. Kf2 Ke6 25. g4 c6 26. Bf5+
Ke7 27. Ke3 d5 28. cxd5 cxd5 29. Kd4 Kd6 30. h3 Bb5 31. Bd3 Bd7 32. b4 Ba4 33.
Be2 Be8 34. b5 Bd7 35. a4 Be8 36. Bf3 Bf7 37. a5 Be8 38. b6 axb6 39. axb6 Kc6
40. Bxd5+ Kxb6 41. h4 Kc7 42. Kc5 Ba4 43. Be6 Kd8 44. Kd6 Ke8 45. Bd5 Kf8 46.
Ke6 Kg7 47. Ke7 Bd1 48. Be6 Be2 49. g5 hxg5 50. hxg5 fxg5 51. f5 Bh5 52. f6+
Kh8 53. Bf5 Kg8 54. Bd7 Bf7 55. Bf5 Bh5 56. Be6+ Kh8 57. Bd7 g4 58. Bxg4 Bg6
59. Bd7 1-0

[Event "4NCL/Div2/GUI2-WES"]
[Site "Rd8-Birmingham"]
[Date "2000.03.26"]
[Round "8.4"]
[White "Neil, David"]
[Black "Anderton, Matthew"]
[Result "1-0"]
[WhiteElo "2244"]
[BlackElo "2216"]
[PlyCount "65"]
[EventDate "2000.03.26"]

1. e4 e6 2. d3 d5 3. Nd2 Nf6 4. Ngf3 Bc5 5. e5 Nfd7 6. g3 Bb6 7. Bg2 c5 8. O-O
Nc6 9. Re1 O-O 10. Qe2 f6 11. exf6 Nxf6 12. Nb3 e5 13. c4 Bg4 14. h3 Bh5 15. g4
Bg6 16. g5 Bxd3 17. Qxd3 e4 18. Qd1 exf3 19. gxf6 dxc4 20. Qxf3 cxb3 21. Qxb3+
Kh8 22. fxg7+ Kxg7 23. Qg3+ Kh8 24. Bg5 Bc7 25. Qh4 Qd6 26. Rad1 Qh2+ 27. Kf1
Be5 28. Rd7 Bg7 29. Rxg7 Kxg7 30. Qh6+ Kg8 31. Bd5+ Rf7 32. Bxf7+ Kxf7 33.
Qxh7+ 1-0

[Event "4NCL/Div2/GUI2-WES"]
[Site "Rd8-Birmingham"]
[Date "2000.03.26"]
[Round "8.5"]
[White "Norman, Ken"]
[Black "Upton, Ian"]
[Result "1/2-1/2"]
[WhiteElo "2180"]
[BlackElo "2238"]
[PlyCount "102"]
[EventDate "2000.03.26"]

1. Nf3 f5 2. g3 Nf6 3. Bg2 e6 4. O-O Be7 5. c4 O-O 6. d4 c6 7. Qc2 d5 8. Nbd2
Qe8 9. Ne5 b6 10. Ndf3 Ne4 11. Rb1 a5 12. b3 Bb7 13. Bb2 Na6 14. Rbc1 Rc8 15.
Qb1 Bd6 16. Rfd1 Qe7 17. e3 Rfd8 18. Bf1 Nb8 19. Rc2 Rc7 20. Rdc1 Rdc8 21. Bg2
Na6 22. Nd3 Nb4 23. Nxb4 axb4 24. Nd2 c5 25. dxc5 bxc5 26. Nxe4 fxe4 27. Rd2
Rd8 28. Rcd1 Rcc8 29. cxd5 exd5 30. Rxd5 Bxd5 31. Rxd5 Bb8 32. Bxe4 Rxd5 33.
Bxd5+ Kh8 34. a3 Rd8 35. e4 bxa3 36. Bxa3 Be5 37. Bb2 Qf6 38. Bxe5 Qxe5 39. Qc1
Qd4 40. Qf4 h6 41. Kg2 Re8 42. Qf7 Rb8 43. f4 Qf6 44. Qxf6 gxf6 45. Kh3 Kg7 46.
Kg4 Kg6 47. f5+ Kg7 48. Kf4 Rb4 49. g4 Rd4 50. h4 Rd1 51. Bc4 Rh1 1/2-1/2

[Event "4NCL/Div2/GUI2-WES"]
[Site "Rd8-Birmingham"]
[Date "2000.03.26"]
[Round "8.6"]
[White "Simons, Martin"]
[Black "Noyce, Robert"]
[Result "1-0"]
[WhiteElo "2248"]
[BlackElo "2177"]
[PlyCount "39"]
[EventDate "2000.03.26"]

1. e4 d5 2. d4 dxe4 3. Nc3 Nf6 4. f3 exf3 5. Nxf3 Bg4 6. h3 Bh5 7. g4 Bg6 8.
Bc4 e6 9. Ne5 Bb4 10. O-O Nbd7 11. Nxg6 hxg6 12. Qf3 Nb6 13. Bd3 Qxd4+ 14. Be3
Qd7 15. Rad1 Bxc3 16. Ba6 Nfd5 17. Bxb7 Rd8 18. Bc6 Bf6 19. Bxd7+ Rxd7 20. Bxb6
1-0

[Event "4NCL/Div2/GUI2-WES"]
[Site "Rd8-Birmingham"]
[Date "2000.03.26"]
[Round "8.7"]
[White "Singleton, Michael"]
[Black "Pye, David"]
[Result "1-0"]
[WhiteElo "2008"]
[BlackElo "2072"]
[PlyCount "81"]
[EventDate "2000.03.26"]

1. d4 Nc6 2. d5 Ne5 3. f4 Ng6 4. e4 e5 5. dxe6 dxe6 6. Bd3 Bc5 7. Nf3 Nf6 8.
Qe2 O-O 9. Nc3 e5 10. fxe5 Ng4 11. Bg5 f6 12. O-O-O Be6 13. Bc4 Qc8 14. exf6
gxf6 15. Nd5 Kg7 16. Rhf1 fxg5 17. Nxg5 Bxd5 18. Rxf8 Nxf8 19. Rxd5 Be7 20. Qf3
Nh6 21. h4 Qg4 22. Qc3+ Bf6 23. e5 Bxg5+ 24. hxg5 Qxg5+ 25. Kb1 Ng8 26. Rd3 Qe7
27. Rf3 Ne6 28. Rg3+ Kh8 29. Bxe6 Qxe6 30. Qxc7 Ne7 31. Rd3 Rf8 32. Rd1 Qd5 33.
Qd6 Qf7 34. e6 Qg7 35. a3 Nc6 36. b4 Qe7 37. b5 Qxd6 38. Rxd6 Na5 39. e7 Rf1+
40. Ka2 Re1 41. Rd8+ 1-0

[Event "4NCL/Div2/GUI2-WES"]
[Site "Rd8-Birmingham"]
[Date "2000.03.26"]
[Round "8.8"]
[White "Howard, Emily"]
[Black "Goodwin, Lydia"]
[Result "1/2-1/2"]
[WhiteElo "2037"]
[BlackElo "1688"]
[PlyCount "40"]
[EventDate "2000.03.26"]

1. e4 c5 2. Nf3 d6 3. Bb5+ Bd7 4. Bxd7+ Nxd7 5. O-O e6 6. Nc3 Be7 7. d3 Ngf6 8.
Qe2 O-O 9. Be3 a6 10. Nd2 b5 11. f4 d5 12. e5 Ne8 13. d4 cxd4 14. Bxd4 Bc5 15.
Bxc5 Nxc5 16. Qf2 Rc8 17. Rad1 Qc7 18. Nf3 b4 19. Ne2 Ne4 20. Qe3 h6 1/2-1/2

[Event "4NCL/Div2/KHD-SCS"]
[Site "Rd8-Birmingham"]
[Date "2000.03.26"]
[Round "8.1"]
[White "Thomas, Richard"]
[Black "Greet, Andrew"]
[Result "1/2-1/2"]
[WhiteElo "2265"]
[BlackElo "2163"]
[PlyCount "83"]
[EventDate "2000.03.26"]

1. d4 Nf6 2. c4 g6 3. Nc3 Bg7 4. e4 d6 5. f3 O-O 6. Bg5 Nc6 7. Nge2 a6 8. Qd2
Rb8 9. d5 Na5 10. Nd4 c5 11. Nc2 Bd7 12. Na3 e5 13. dxe6 Bxe6 14. Bd3 Nc6 15.
O-O Nd4 16. Nc2 b5 17. cxb5 Nxc2 18. Bxc2 axb5 19. Rfd1 b4 20. Na4 Qa5 21. Qxd6
c4 22. Be3 b3 23. axb3 cxb3 24. Bd3 Rfd8 25. Qa6 Qe5 26. Bc4 Ng4 27. Rxd8+ Rxd8
28. fxg4 Qxe4 29. Qb6 Re8 30. Bxb3 Bxb3 31. Qxb3 Qxe3+ 32. Qxe3 Rxe3 33. Kf1
Re4 34. Nc5 Rf4+ 35. Ke2 Bd4 36. Nd3 Rxg4 37. Kf3 h5 38. Ra4 Bg1 39. Ra8+ Kg7
40. h3 Rd4 41. Ra3 Rd6 42. b4 1/2-1/2

[Event "4NCL/Div2/KHD-SCS"]
[Site "Rd8-Birmingham"]
[Date "2000.03.26"]
[Round "8.2"]
[White "Bigg, Andrew"]
[Black "McMichael, Rick"]
[Result "1/2-1/2"]
[WhiteElo "2163"]
[BlackElo "2261"]
[PlyCount "115"]
[EventDate "2000.03.26"]

1. d4 e6 2. Nf3 f5 3. d5 Nf6 4. dxe6 dxe6 5. Qxd8+ Kxd8 6. Bg5 Ke8 7. Bxf6 gxf6
8. Nbd2 Nc6 9. O-O-O Bc5 10. e3 Bd7 11. Nb3 Bd6 12. g3 a5 13. Bg2 Ra6 14. Rhe1
a4 15. Nbd4 a3 16. b3 Nb4 17. Kb1 Nd5 18. Ne2 Bb4 19. Nd2 Bc6 20. Bxd5 Bxd5 21.
c3 Bd6 22. e4 fxe4 23. c4 Bc6 24. Nd4 f5 25. Nxe6 Kf7 26. Nd4 Bd7 27. f3 Bb4
28. fxe4 Rd6 29. N4f3 fxe4 30. Ne5+ Kg7 31. Nxd7 Bxd2 32. Re2 e3 33. Nc5 Re8
34. Kc2 b5 35. cxb5 Re5 36. b4 Bxb4 37. Rxd6 Rxc5+ 38. Kb3 Bd2 39. Rdxd2 Rxb5+
40. Kxa3 exd2 41. Rxd2 Rb7 42. Ka4 Kf6 43. Ka5 Ke6 44. a4 Rb3 45. Rd4 c5 46.
Rh4 Kd5 47. Rxh7 c4 48. Rc7 Kd4 49. Ka6 c3 50. a5 Kd3 51. h4 c2 52. Rxc2 Kxc2
53. h5 Rxg3 54. Kb7 Rg7+ 55. Kb6 Rh7 56. a6 Rxh5 57. a7 Rh6+ 58. Kb7 1/2-1/2

[Event "4NCL/Div2/KHD-SCS"]
[Site "Rd8-Birmingham"]
[Date "2000.03.26"]
[Round "8.3"]
[White "O'Shaughnessy, Conor"]
[Black "Deva, Chetan"]
[Result "1-0"]
[WhiteElo "2195"]
[BlackElo "2098"]
[PlyCount "104"]
[EventDate "2000.03.26"]

1. e4 c5 2. Nf3 d6 3. Bb5+ Bd7 4. Bxd7+ Nxd7 5. O-O g6 6. c3 Ngf6 7. Re1 c4 8.
b3 Nc5 9. bxc4 Ncxe4 10. Qc2 Nc5 11. d3 Bg7 12. Nbd2 O-O 13. Nb3 Ne6 14. Nbd4
Nxd4 15. cxd4 Rc8 16. Rb1 Qc7 17. Qb3 b6 18. d5 Ng4 19. Bb2 Rfe8 20. Bxg7 Kxg7
21. h3 Nf6 22. Nd4 Nd7 23. Re3 Kg8 24. Rbe1 Nf6 25. Qb2 Nh5 26. Qe2 Qc5 27. Qg4
Nf6 28. Qh4 Nd7 29. Rg3 Ne5 30. Nf5 e6 31. dxe6 fxe6 32. Ne7+ Kg7 33. Nxc8 Qxc8
34. Qd4 Qc5 35. Qc3 Qa5 36. d4 Qxc3 37. Rxc3 Nf7 38. Kf1 Re7 39. Ke2 Nh6 40.
Kd3 Kf7 41. Re4 Nf5 42. g4 Nh6 43. d5 e5 44. f4 Ng8 45. fxe5 dxe5 46. g5 Ke8
47. c5 bxc5 48. Rxc5 Kd7 49. Kc4 h6 50. h4 hxg5 51. hxg5 Re8 52. Rc6 Ne7 1-0

[Event "4NCL/Div2/KHD-SCS"]
[Site "Rd8-Birmingham"]
[Date "2000.03.26"]
[Round "8.5"]
[White "Compton, Alistair"]
[Black "Rattray, Ross"]
[Result "0-1"]
[WhiteElo "2093"]
[BlackElo "2109"]
[PlyCount "120"]
[EventDate "2000.03.26"]

1. e4 c5 2. d4 cxd4 3. c3 dxc3 4. Nxc3 e6 5. Nf3 Be7 6. Bc4 a6 7. O-O d6 8. Qe2
Nc6 9. Rd1 b5 10. Bb3 Bd7 11. Bf4 e5 12. Be3 Nf6 13. Nd5 Nxd5 14. Bxd5 O-O 15.
Rac1 Rc8 16. a3 Qe8 17. Rd3 Be6 18. Rdc3 Bd7 19. Qc2 Nb8 20. Bb7 Rxc3 21. Qxc3
Qd8 22. Ba7 Bg4 23. Qc7 Bf6 24. h3 Be6 25. Nh2 h5 26. Nf1 Bg5 27. Ne3 Bxe3 28.
Bxe3 Qxc7 29. Rxc7 a5 30. Bb6 a4 31. Ba7 Rd8 32. Bd5 Nd7 33. Rb7 Nf6 34. Rxb5
Nxd5 35. exd5 Bc8 36. Rb8 Kf8 37. Bb6 Re8 38. f3 Ke7 39. Kf2 Ba6 40. Rxe8+ Kxe8
41. Ke3 Bf1 42. g4 h4 43. Ke4 f6 44. g5 Bxh3 45. gxf6 gxf6 46. Bf2 f5+ 47. Ke3
f4+ 48. Ke4 Bf1 49. Bxh4 Bc4 50. Bf6 Bb3 51. Bxe5 dxe5 52. Kxe5 Ke7 53. Kxf4
Bxd5 54. Ke3 Bb3 55. Kd3 Ke6 56. Ke3 Ke5 57. Ke2 Kf4 58. Kd2 Kxf3 59. Kd3 Kf2
60. Kd2 Kf1 0-1

[Event "4NCL/Div2/KHD-SCS"]
[Site "Rd8-Birmingham"]
[Date "2000.03.26"]
[Round "8.6"]
[White "Noakes, Matthew"]
[Black "Gilfillan, Andrew"]
[Result "0-1"]
[WhiteElo "2056"]
[BlackElo "1976"]
[PlyCount "46"]
[EventDate "2000.03.26"]

1. d4 d5 2. c4 dxc4 3. e4 e5 4. Bxc4 Qxd4 5. Qb3 Qxe4+ 6. Ne2 Qg6 7. O-O Bc5 8.
Rd1 Nc6 9. Nbc3 Nge7 10. Nb5 Bb6 11. Be3 O-O 12. Bxb6 cxb6 13. Rd6 Qg5 14. Rad1
Bg4 15. Qd3 Nf5 16. Rd7 Ncd4 17. Nexd4 Nxd4 18. Nxd4 Bxd1 19. Qxd1 exd4 20. h4
Qxh4 21. g3 Qf6 22. Qh5 Rad8 23. Rxb7 d3 0-1

[Event "4NCL/Div2/KHD-SCS"]
[Site "Rd8-Birmingham"]
[Date "2000.03.26"]
[Round "8.7"]
[White "Brown, Graham"]
[Black "Lutton, Ezra"]
[Result "1/2-1/2"]
[WhiteElo "1776"]
[BlackElo "1752"]
[PlyCount "52"]
[EventDate "2000.03.26"]

1. e4 e6 2. d4 d5 3. exd5 exd5 4. Bd3 Bd6 5. Nf3 Nc6 6. c3 Nge7 7. O-O Bf5 8.
Bxf5 Nxf5 9. Qd3 Nfe7 10. Bg5 f6 11. Bh4 Qd7 12. Nbd2 O-O-O 13. b4 g5 14. Bg3
h5 15. a4 Nf5 16. a5 h4 17. Bxd6 Nxd6 18. b5 Ne7 19. b6 Kb8 20. a6 cxb6 21.
axb7 Qxb7 22. Nb3 Qc7 23. Qa6 Qb7 24. Qd3 Qc7 25. Qa6 Qb7 26. Qd3 Qc7 1/2-1/2

[Event "4NCL/Div2/KHD-SCS"]
[Site "Rd8-Birmingham"]
[Date "2000.03.26"]
[Round "8.8"]
[White "Partington, Anna"]
[Black "Kelly, Alexandra"]
[Result "0-1"]
[WhiteElo "1496"]
[BlackElo "1576"]
[PlyCount "134"]
[EventDate "2000.03.26"]

1. e4 c5 2. c3 d5 3. exd5 Qxd5 4. d4 Nf6 5. Nf3 Bg4 6. Be2 Nc6 7. O-O e6 8. Be3
cxd4 9. Nxd4 Bxe2 10. Qxe2 Be7 11. Nd2 O-O 12. Rfd1 Nxd4 13. Bxd4 Rfd8 14. Nf3
Qe4 15. Qd3 b6 16. Ne5 Rd6 17. Re1 Qxd3 18. Nxd3 Rad8 19. b4 Nd5 20. Ne5 f6 21.
Nd3 e5 22. Rac1 Kf7 23. Nxe5+ fxe5 24. Bxe5 Re6 25. Kf1 Bf6 26. Bxf6 Rxe1+ 27.
Kxe1 Kxf6 28. g3 Rc8 29. Kd2 Rc7 30. a3 Kf5 31. f3 g5 32. c4 Nf6 33. c5 b5 34.
Re1 h5 35. Re3 Rd7+ 36. Rd3 Rc7 37. Re3 g4 38. f4 Ne4+ 39. Kc2 h4 40. Rd3 Nf6
41. Rd6 hxg3 42. hxg3 Ne4 43. Rd5+ Kf6 44. Kd3 Nxg3 45. Rg5 Rd7+ 46. Ke3 Nf5+
47. Ke2 Re7+ 48. Kd2 g3 49. Rg8 Ng7 50. Rf8+ Kg6 51. f5+ Nxf5 52. c6 Ng7 53.
Rf1 Nf5 54. Re1 g2 55. Rg1 Nh4 56. c7 Rxc7 57. Ke2 Rf7 58. a4 bxa4 59. b5 Rf5
60. Ra1 Kg5 61. Rg1 Kg4 62. Ra1 Kg3 63. Ra3+ Kh2 64. Rxa4 Rh5 65. Rxa7 g1=Q 66.
Re7 Qg4+ 67. Kf1 Rf5+ 0-1

[Event "4NCL/Div2/PER-SLO2"]
[Site "Rd8-Birmingham"]
[Date "2000.03.26"]
[Round "8.1"]
[White "Hunt, Adam"]
[Black "Houska, Jovanka"]
[Result "1/2-1/2"]
[WhiteElo "2388"]
[BlackElo "2282"]
[PlyCount "75"]
[EventDate "2000.03.26"]

1. e4 d5 2. exd5 Qxd5 3. Nc3 Qa5 4. Be2 g6 5. Nf3 Bg7 6. O-O Nf6 7. d4 c6 8.
Bf4 O-O 9. a3 Nbd7 10. Qd2 Re8 11. Rfe1 Qd8 12. b4 Nb6 13. Ne5 Bf5 14. Rad1 Rc8
15. Bg3 Nbd5 16. Bf3 a5 17. Na4 axb4 18. axb4 Ra8 19. Ra1 Nd7 20. Nxd7 Bxd7 21.
Nc5 Rxa1 22. Rxa1 Bc8 23. Be5 f6 24. Bg3 b6 25. Nb3 e5 26. c4 Ne7 27. dxe5 Qxd2
28. Nxd2 fxe5 29. Re1 Bd7 30. Ne4 Nf5 31. c5 Rb8 32. Rd1 Be8 33. Nd6 bxc5 34.
Nxe8 Rxe8 35. Bxc6 Rc8 36. Bd5+ Kf8 37. Be6 Rc7 38. bxc5 1/2-1/2

[Event "4NCL/Div2/PER-SLO2"]
[Site "Rd8-Birmingham"]
[Date "2000.03.26"]
[Round "8.2"]
[White "Tucker, Alex"]
[Black "Taylor, Martin"]
[Result "1/2-1/2"]
[WhiteElo "2192"]
[BlackElo "2159"]
[PlyCount "62"]
[EventDate "2000.03.26"]

1. e4 e5 2. Nf3 Nc6 3. Bb5 a6 4. Bxc6 dxc6 5. O-O Bd6 6. d4 exd4 7. Qxd4 f6 8.
Be3 Ne7 9. Nbd2 Be6 10. Qc3 Ng6 11. Nc4 Qe7 12. Nxd6+ cxd6 13. Nd4 O-O 14. f3
Rae8 15. Nxe6 Qxe6 16. Rfe1 f5 17. Bd4 Nf4 18. Qd2 fxe4 19. Rxe4 Qh6 20. Be3
Rxe4 21. fxe4 Qf6 22. Bxf4 Qxf4 23. Qxf4 Rxf4 24. Re1 Kf7 25. g3 Rg4 26. Kg2
Ke6 27. Kf3 Rg6 28. Ke3 Rh6 29. Re2 Rf6 30. Re1 Rh6 31. Re2 Rf6 1/2-1/2

[Event "4NCL/Div2/PER-SLO2"]
[Site "Rd8-Birmingham"]
[Date "2000.03.26"]
[Round "8.3"]
[White "Broomfield, Matthew"]
[Black "Smith, Andrew P"]
[Result "1/2-1/2"]
[WhiteElo "2166"]
[BlackElo "2231"]
[PlyCount "92"]
[EventDate "2000.03.26"]

1. d4 d6 2. c4 Nd7 3. Nc3 c6 4. Nf3 e5 5. e4 h6 6. Be2 Ne7 7. Be3 Ng6 8. O-O
Be7 9. d5 c5 10. Rb1 O-O 11. g3 Nf6 12. Nd2 Nh7 13. b4 cxb4 14. Rxb4 Bg5 15.
Bxg5 Qxg5 16. Kh1 Bh3 17. Rg1 b6 18. a4 Nf6 19. a5 bxa5 20. Rb5 Rab8 21. Qc2
Ng4 22. Bxg4 Bxg4 23. Rxa5 h5 24. Nb5 Qf6 25. Kg2 h4 26. f3 h3+ 27. Kf2 Bd7 28.
Rb1 Qd8 29. Ra6 Qc8 30. Qa4 Qc5+ 31. Ke2 Bxb5 32. cxb5 Rb6 33. Rxa7 Rfb8 34.
Ra8 Rxa8 35. Qxa8+ Nf8 36. Qa4 Kh7 37. Qc4 Qa3 38. Qc7 Qa5 39. Nc4 Qc3 40. Qxb6
Qxc4+ 41. Kd2 Qa2+ 42. Kc1 Qxh2 43. Qe3 Qxg3 44. Kb2 h2 45. Qe1 Qg2+ 46. Ka1
Qxf3 1/2-1/2

[Event "4NCL/Div2/PER-SLO2"]
[Site "Rd8-Birmingham"]
[Date "2000.03.26"]
[Round "8.4"]
[White "Richmond, Robert"]
[Black "Trent, Lawrence"]
[Result "1/2-1/2"]
[WhiteElo "2238"]
[BlackElo "2188"]
[PlyCount "55"]
[EventDate "2000.03.26"]

1. d4 Nf6 2. c4 c5 3. d5 b5 4. cxb5 a6 5. e3 g6 6. Nc3 d6 7. Nf3 Bg7 8. a4 O-O
9. Ra3 Bb7 10. bxa6 Nxa6 11. Bc4 Nc7 12. e4 e6 13. O-O exd5 14. exd5 Ra7 15.
Qb3 Qa8 16. Rd1 Rb8 17. Qa2 Rd8 18. Bg5 h6 19. Bh4 g5 20. Bg3 Nh5 21. Nb5 Nxb5
22. Bxb5 f5 23. h3 f4 24. Bh2 Nf6 25. g3 Kh8 26. Rad3 Qc8 27. g4 Ba6 28. Bxa6
1/2-1/2

[Event "4NCL/Div2/PER-SLO2"]
[Site "Rd8-Birmingham"]
[Date "2000.03.26"]
[Round "8.5"]
[White "Hodge, David"]
[Black "Armstrong, Malcolm"]
[Result "1/2-1/2"]
[WhiteElo "2117"]
[BlackElo "2146"]
[PlyCount "55"]
[EventDate "2000.03.26"]

1. e4 c6 2. d4 d5 3. e5 Bf5 4. Ne2 e6 5. Ng3 Bg6 6. h4 h6 7. h5 Bh7 8. Bd3 Bxd3
9. cxd3 Qb6 10. Qg4 Na6 11. a3 c5 12. O-O Qb5 13. Rd1 Ne7 14. Nd2 Nc6 15. Nf3
Na5 16. Be3 Nb3 17. Rab1 Qa4 18. Ne2 O-O-O 19. Nc1 Nxd4 20. Nxd4 cxd4 21. Ne2
Nc5 22. b3 Nxb3 23. Rxb3 Qxb3 24. Nxd4 Qa4 25. Rc1+ Kb8 26. Nc6+ Qxc6 27. Rxc6
bxc6 28. Qa4 1/2-1/2

[Event "4NCL/Div2/PER-SLO2"]
[Site "Rd8-Birmingham"]
[Date "2000.03.26"]
[Round "8.6"]
[White "De Coverly, Roger"]
[Black "Frost, Nick"]
[Result "1-0"]
[WhiteElo "2096"]
[BlackElo "2109"]
[PlyCount "79"]
[EventDate "2000.03.26"]

1. e4 e6 2. d3 c5 3. Nf3 Nc6 4. g3 g6 5. Bg2 Bg7 6. O-O Nge7 7. Nc3 O-O 8. Bd2
d6 9. Rb1 Rb8 10. a3 Nd4 11. Nh4 b6 12. Ne2 f5 13. c3 Ndc6 14. f4 Ba6 15. Be1
d5 16. e5 c4 17. d4 b5 18. h3 Bc8 19. g4 a5 20. gxf5 Nxf5 21. Nxf5 Rxf5 22. Ng3
Rf7 23. Qg4 Ne7 24. h4 h5 25. Qe2 Qf8 26. Bd2 Bh6 27. f5 Nxf5 28. Nxf5 gxf5 29.
Kh1 Bxd2 30. Qxd2 Qe7 31. Qf4 Kf8 32. Bf3 Rh7 33. Rg1 Qf7 34. Rg5 Ke7 35. Rbg1
Rb7 36. Rg6 Kd8 37. Rg8+ Kd7 38. R1g6 Qe7 39. Bxd5 exd5 40. Qxf5+ 1-0

[Event "4NCL/Div2/PER-SLO2"]
[Site "Rd8-Birmingham"]
[Date "2000.03.26"]
[Round "8.7"]
[White "Klein, Bernhard"]
[Black "Ghasi, Ameet"]
[Result "0-1"]
[WhiteElo "2069"]
[BlackElo "2032"]
[PlyCount "116"]
[EventDate "2000.03.26"]

1. d4 Nf6 2. c4 g6 3. Nc3 Bg7 4. e4 d6 5. f3 O-O 6. Be3 e5 7. d5 Nh5 8. Qd2 f5
9. O-O-O Nd7 10. Kb1 Ndf6 11. Bd3 a6 12. Nge2 Kh8 13. Rc1 Qe7 14. a3 b6 15. b4
a5 16. Rc2 axb4 17. axb4 fxe4 18. Nxe4 Bf5 19. N2c3 Ra3 20. Ra2 Rxa2 21. Kxa2
Nf4 22. Bc2 Qd7 23. Kb2 Bxe4 24. Bxe4 Nxe4 25. fxe4 Qg4 26. g3 Qf3 27. Ra1 Nh5
28. Ra7 Rf7 29. Nb5 Kg8 30. Nxc7 Qxe4 31. Ra8+ Rf8 32. Rxf8+ Bxf8 33. Kc3 Bg7
34. Ne6 Bf6 35. Bxb6 Qb1 36. Be3 Ng7 37. Qf2 Nf5 38. Bg5 Bxg5 39. g4 Qc1+ 40.
Qc2 Qe1+ 41. Kb3 Nd4+ 42. Nxd4 exd4 43. c5 Qe3+ 44. Kc4 dxc5 45. bxc5 Bf6 46.
c6 d3 47. Qxd3 Qxd3+ 48. Kxd3 Be5 49. h4 Kf7 50. h5 Kf6 51. Kc4 Bd6 52. Kb5 Bc7
53. Kc4 Ke5 54. Kc5 Bd6+ 55. Kb6 Kxd5 56. c7 Bxc7+ 57. Kxc7 Ke5 58. Kd7 Kf4 0-1

[Event "4NCL/Div2/PER-SLO2"]
[Site "Rd8-Birmingham"]
[Date "2000.03.26"]
[Round "8.8"]
[White "Mashayekh, Majid"]
[Black "Wilson, Alexandra"]
[Result "1/2-1/2"]
[WhiteElo "2006"]
[BlackElo "1552"]
[PlyCount "69"]
[EventDate "2000.03.26"]

1. d4 Nf6 2. c4 g6 3. Nc3 d5 4. Nf3 Bg7 5. Qb3 dxc4 6. Qxc4 O-O 7. e4 c6 8. Bf4
Nbd7 9. Rd1 Nh5 10. Be3 Nb6 11. Qb3 Be6 12. Qc2 Rc8 13. Be2 Qc7 14. O-O Bc4 15.
Rfe1 Rfd8 16. b3 Bxe2 17. Nxe2 Nd7 18. Rc1 e6 19. e5 Bf8 20. g4 Ng7 21. Bg5 Re8
22. Ng3 Be7 23. Qd2 Bxg5 24. Qxg5 Qd8 25. Ne4 Qxg5 26. Nfxg5 h6 27. Nf3 Red8
28. Nd6 Rb8 29. Nd2 Ne8 30. Nxe8 Rxe8 31. Ne4 Red8 32. Re3 Nb6 33. Nd6 Nc8 34.
Nxc8 Rbxc8 35. Re4 1/2-1/2

[Event "4NCL/Div2/POI-WIT"]
[Site "Rd8-Birmingham"]
[Date "2000.03.26"]
[Round "8.1"]
[White "Lalic, Bogdan"]
[Black "Cooksey, Paul"]
[Result "1-0"]
[WhiteElo "2548"]
[BlackElo "2229"]
[PlyCount "35"]
[EventDate "2000.03.26"]

1. d4 d5 2. c4 c6 3. Nc3 Nf6 4. e3 g6 5. Nf3 Bg7 6. cxd5 Nxd5 7. Bc4 O-O 8. O-O
Nb6 9. Bb3 N8d7 10. e4 e5 11. Bg5 Qe8 12. Re1 exd4 13. Nd5 cxd5 14. exd5 Ne5
15. Nxe5 Qb5 16. a4 Qa5 17. Bd2 Qc5 18. Nd3 1-0

[Event "4NCL/Div2/POI-WIT"]
[Site "Rd8-Birmingham"]
[Date "2000.03.26"]
[Round "8.2"]
[White "Headlong, Tim"]
[Black "Swanson, Stephen"]
[Result "1/2-1/2"]
[WhiteElo "2261"]
[BlackElo "2283"]
[PlyCount "38"]
[EventDate "2000.03.26"]

1. Nf3 Nf6 2. c4 d6 3. d4 Nbd7 4. Nc3 e5 5. e4 Be7 6. Be2 O-O 7. O-O Re8 8. Re1
Bf8 9. Bf1 c6 10. Rb1 a5 11. d5 Nc5 12. Nd2 g6 13. b3 Nh5 14. g3 Bh6 15. a4
cxd5 16. cxd5 f5 17. f3 Bxd2 18. Bxd2 f4 19. g4 Nf6 1/2-1/2

[Event "4NCL/Div2/POI-WIT"]
[Site "Rd8-Birmingham"]
[Date "2000.03.26"]
[Round "8.3"]
[White "Hammond, Andrew"]
[Black "Rose, Matthew"]
[Result "1/2-1/2"]
[WhiteElo "2193"]
[BlackElo "2153"]
[PlyCount "143"]
[EventDate "2000.03.26"]

1. d4 Nf6 2. c4 g6 3. Nc3 Bg7 4. e4 d6 5. Nf3 O-O 6. Be2 Na6 7. O-O e5 8. Be3
Ng4 9. Bg5 f6 10. Bc1 c6 11. h3 Nh6 12. Rb1 Nf7 13. b4 exd4 14. Nxd4 Nxb4 15.
Rxb4 c5 16. Rb3 cxd4 17. Nb5 Re8 18. Nxd4 Rxe4 19. Bf3 Re7 20. Bd5 Kh8 21. f4
f5 22. Bb2 Nh6 23. Qa1 Ng8 24. Nf3 h6 25. Kh2 Qf8 26. Nh4 Kh7 27. Rg3 Bxb2 28.
Nxg6 Qg7 29. Qxb2 Nf6 30. Qf2 Re8 31. Re1 Rxe1 32. Qxe1 Bd7 33. Nh4 Qf8 34. Re3
Re8 35. Bxb7 Qf7 36. Rxe8 Bxe8 37. Bc8 Bd7 38. Bxd7 Qxd7 39. Qb1 Ne4 40. g4 d5
41. cxd5 Qxd5 42. Qb2 fxg4 43. hxg4 a5 44. Nf5 Qd2+ 45. Qxd2 Nxd2 46. Kg3 Ne4+
47. Kf3 Nc3 48. a3 Nb5 49. a4 Nc3 50. Nd6 Nxa4 51. Nc4 Nc5 52. Nxa5 Kg6 53. Nc4
Kf6 54. Nd6 Nd3 55. Ne4+ Ke6 56. Ng3 Kf6 57. Ke3 Ne1 58. Ke4 Ng2 59. Nf5 Kg6
60. Ng3 Kf6 61. Nh5+ Kf7 62. f5 Ne1 63. Nf4 Kf6 64. Nh3 Kf7 65. Nf2 Kf6 66. Kd5
Nf3 67. Ne4+ Ke7 68. Nf2 Kf6 69. Ke4 Ne1 70. Kf4 Ng2+ 71. Kg3 Ne3 72. Kf4
1/2-1/2